[Event "Corr"]
[Site "?"]
[Date "2004.01.24"]
[Round "?"]
[White "Leisebein Peter"]
[Black "Bonoldi Fabio"]
[Result "1-0"]
[WhiteElo "2195"]
[BlackElo "2012"]
[PlyCount "87"]
[EventDate "2004.??.??"]
[Source "www.chesslib.no"]
[SourceDate "2004.05.04"]

1. d4 Nf6 2. f3 e6 3. e4 d5 4. e5 Nfd7 5. c3 c5 6. a3 Nc6 7. f4 cxd4 8. cxd4 Be7 9. Nf3 O-O 10. Bd3 f5 11. Be3 Nb6 12. O-O Bd7 13. b4 Rc8 14. Nbd2 a6 15. Nb3 Nc4 16. Qe2 Na7 17. Rfc1 b6 18. Bxc4 dxc4 19. Rxc4 Nb5 20. Rxc8 Bxc8 21. a4 Nc7 22. a5 Nd5 23. Bd2 Nxb4 24. axb6 Qxb6 25. Qc4 Nd5 26. Nc5 Qb2 27. Rc1 Qb5 28. Qxb5 axb5 29. Rb1 Bxc5 30. dxc5 Bd7 31. Ra1 Rb8 32. Nd4 b4 33. Ra2 Kf8 34. Kf2 Ne7 35. Rb2 Nd5 36. c6 Bc8 37. h3 Kf7 38. g4 fxg4 39. hxg4 g6 40. Kg3 Ba6 41. Bc1 Ne7 42. Rh2 h5 43. f5 exf5 44. gxh5 1-0

[Event "05sen.Europa-EM2005"]
[Site "?"]
[Date "2005.??.??"]
[Round "5"]
[White "Bondick Karl-Heinz"]
[Black "Zhelesny Stanislav"]
[Result "1/2-1/2"]
[WhiteElo "2062"]
[BlackElo "2126"]
[PlyCount "38"]
[EventDate "2005.??.??"]
[Source "www.chesslib.no"]
[SourceDate "2004.05.04"]

1. d4 Nf6 2. f3 d5 3. e4 e6 4. Be3 Be7 5. Bd3 c5 6. c3 cxd4 7. cxd4 Nc6 8. Ne2 Nb4 9. Nbc3 dxe4 10. fxe4 O-O 11. Bb1 e5 12. a3 Ng4 13. Bg1 exd4 14. Qxd4 Nc6 15. Qxd8 Rxd8 16. Nd5 Bd6 17. Nec3 Be6 18. Bc2 Nge5 19. O-O-O Rac8 1/2-1/2

[Event "CXV-Eclipse"]
[Site "?"]
[Date "2000.??.??"]
[Round "7"]
[White "Fateev Sergey"]
[Black "Cifuentes Goncalves Luiz"]
[Result "1/2-1/2"]
[WhiteElo "2220"]
[BlackElo "1940"]
[PlyCount "110"]
[EventDate "2000.??.??"]
[Source "www.chesslib.no"]
[SourceDate "2004.05.04"]

1. d4 Nf6 2. f3 e6 3. e4 d5 4. Nc3 Bb4 5. e5 Nfd7 6. f4 c5 7. a3 Bxc3+ 8. bxc3 Nc6 9. Nf3 O-O 10. Rb1 f6 11. Be2 fxe5 12. fxe5 cxd4 13. cxd4 Rxf3 14. Bxf3 Qh4+ 15. Kf1 Qxd4 16. Qxd4 Nxd4 17. Bb2 Nc6 18. Re1 b6 19. h4 Ba6+ 20. Kg1 Rf8 21. h5 Na5 22. Rh3 Nc4 23. Bg4 Nc5 24. Bd4 Rf4 25. Bxc5 Rxg4 26. Bd6 d4 27. Rf1 h6 28. Rf8+ Kh7 29. Rhf3 Ne3 30. Rf2 Re4 31. R2f7 Ng4 32. Bb4 Nxe5 33. Rxa7 Be2 34. Rf6 Bxh5 35. Bf8 Ng4 36. Rxg7+ Kh8 37. Rf1 Ne3 38. Re1 e5 39. Rb7 Rg4 40. Re2 Rf4 41. Rf2 Rxf2 42. Kxf2 Kg8 43. Bb4 e4 44. Rc7 Bf7 45. Rc6 h5 46. Be7 Be8 47. Rxb6 Nxc2 48. Ke2 Bd7 49. Rd6 Bf5 50. Rd8+ Kf7 51. Bc5 e3 52. Rxd4 Nxd4+ 53. Bxd4 h4 54. Kxe3 h3 55. gxh3 Bxh3 1/2-1/2

[Event "Espoo (Finland)"]
[Site "?"]
[Date "2003.??.??"]
[Round "5"]
[White "Pudas Teemu"]
[Black "Suominen Antti"]
[Result "1/2-1/2"]
[WhiteElo "2071"]
[BlackElo "2002"]
[PlyCount "44"]
[EventDate "2003.??.??"]
[Source "www.chesslib.no"]
[SourceDate "2004.05.04"]

1. d4 Nf6 2. f3 g6 3. e4 Bg7 4. Bd3 O-O 5. Ne2 d5 6. e5 Ne8 7. h4 c5 8. c3 Nc6 9. Be3 Qb6 10. Qc1 cxd4 11. Bxd4 Qc7 12. f4 Bg4 13. Qe3 Nxd4 14. Nxd4 f6 15. e6 Qb6 16. O-O Nc7 17. f5 gxf5 18. Rxf5 Bxf5 19. Bxf5 Nb5 20. Nd2 Nxd4 21. cxd4 Rac8 22. Nb3 Qd8 1/2-1/2

[Event "05sen.Europa-EM2005"]
[Site "?"]
[Date "2005.??.??"]
[Round "7"]
[White "Bondick Karl-Heinz"]
[Black "Petzold Hilmar"]
[Result "1-0"]
[WhiteElo "2062"]
[BlackElo "1990"]
[PlyCount "45"]
[EventDate "2005.??.??"]
[Source "www.chesslib.no"]
[SourceDate "2004.05.04"]

1. d4 Nf6 2. f3 d6 3. c4 Nbd7 4. Nc3 e5 5. d5 Be7 6. e4 O-O 7. Bd3 c6 8. Nge2 cxd5 9. cxd5 Nc5 10. Bc2 a5 11. Be3 Nh5 12. Qd2 Bd7 13. O-O b5 14. g4 Nf6 15. Bxc5 dxc5 16. d6 Bxg4 17. Rad1 Bh3 18. Rfe1 b4 19. dxe7 Qxe7 20. Nd5 Nxd5 21. exd5 f5 22. Kh1 Qd6 23. Ng1 1-0

[Event "Corr"]
[Site "?"]
[Date "2000.12.02"]
[Round "?"]
[White "Leisebein Peter"]
[Black "Buecken Guenter"]
[Result "0-1"]
[WhiteElo "2158"]
[BlackElo "1876"]
[PlyCount "38"]
[EventDate "2000.??.??"]
[Source "www.chesslib.no"]
[SourceDate "2004.05.04"]

1. d4 Nf6 2. f3 d5 3. e4 e6 4. e5 Nfd7 5. f4 c5 6. c3 Be7 7. Nf3 Qb6 8. a3 O-O 9. Bd3 Nc6 10. Bc2 Qa6 11. h4 f6 12. Bxh7+ Kxh7 13. Ng5+ Kg8 14. Nxe6 Ndxe5 15. Nc7 Nd3+ 16. Kd2 Qa5 17. Nxd5 c4 18. Qh5 Bd6 19. b4 Nxf4 0-1

[Event "Fide Mercenarios 1st"]
[Site "Mexico City MEX"]
[Date "1994.??.??"]
[Round "2"]
[White "Diaz Lombardo, Isidro"]
[Black "Vaca Kram, Luis"]
[Result "0-1"]
[WhiteElo "2000"]
[BlackElo "2000"]
[PlyCount "98"]
[EventDate "1994.??.??"]
[Source "www.chesslib.no"]
[SourceDate "2004.05.04"]

1. d4 Nf6 2. f3 d5 3. e4 e6 4. Bg5 Be7 5. Nc3 O-O 6. Bd3 c5 7. dxc5 Qa5 8. Qd2 Nc6 9. O-O-O d4 10. Nb1 Qxc5 11. f4 Nb4 12. Na3 Nxa2+ 13. Kb1 Nc3+ 14. bxc3 Qxa3 15. cxd4 Bd7 16. Ne2 Rfc8 17. Qc1 Qa5 18. c4 Ba3 19. Qc3 Bb4 20. Qa1 Qb6 21. Kc2 Ng4 22. Rb1 Ne3+ 23. Kc1 Nxc4 24. Bxc4 Rxc4+ 25. Kd1 Rac8 26. Be7 a5 27. Bxb4 Rxb4 28. Kd2 Rb3 29. Rxb3 Qxb3 30. Rc1 Qb4+ 31. Ke3 Qb3+ 32. Rc3 Rxc3+ 33. Qxc3 Qxc3+ 34. Nxc3 Kf8 35. g4 Ke7 36. h4 b5 37. Kd3 b4 38. Na2 Bb5+ 39. Kc2 Bc4 40. Nc1 a4 41. Kb2 Kd6 42. h5 f6 43. f5 a3+ 44. Kc2 exf5 45. gxf5 Bf7 46. d5 Bxh5 47. Na2 Bf3 48. Kd3 b3 49. Nc3 a2 0-1

[Event "Halle (Saale)(24.10.-05.11)"]
[Site "?"]
[Date "2004.10.27"]
[Round "4"]
[White "Bondick Karl-Heinz"]
[Black "Dorawa Bernhard"]
[Result "1-0"]
[WhiteElo "2039"]
[BlackElo "1866"]
[PlyCount "109"]
[EventDate "2004.??.??"]
[Source "www.chesslib.no"]
[SourceDate "2004.05.04"]

1. d4 Nf6 2. f3 d5 3. e4 e6 4. Be3 Be7 5. Bd3 b6 6. Ne2 O-O 7. O-O Ba6 8. c3 Bxd3 9. Qxd3 c5 10. Nd2 Nc6 11. e5 Nd7 12. f4 f5 13. exf6 Nxf6 14. Kh1 c4 15. Qc2 Ng4 16. Bg1 Bd6 17. g3 Qd7 18. Rae1 b5 19. h3 Nh6 20. g4 Rf7 21. Be3 Raf8 22. Nf3 Be7 23. Ng3 Kh8 24. Qe2 Ng8 25. Bc1 Bd6 26. Qxe6 Qxe6 27. Rxe6 Bxf4 28. Bxf4 Rxf4 29. Kg2 R4f6 30. Re3 g6 31. Rfe1 Nd8 32. R1e2 Nf7 33. h4 Ra6 34. a3 Kg7 35. g5 Rd6 36. h5 gxh5 37. Nf5+ Kh8 38. Nxd6 Nxd6 39. Re5 Rf5 40. Nh4 Rf4 41. Kh3 Ne4 42. Rxd5 a6 43. Re5 Nf2+ 44. Kg3 Nd3 45. R5e4 Rf7 46. Nf3 h6 47. Ne5 Rg7 48. g6 Nxe5 49. Rxe5 Rxg6+ 50. Kh4 Nf6 51. Re6 Rg4+ 52. Kh3 Nd5 53. Rxh6+ Kg7 54. Rxh5 Nf6 55. Re6 1-0

[Event "Bayernliga 2002/03_R2"]
[Site "?"]
[Date "2002.11.17"]
[Round "8.2"]
[White "Jaeger Peter[63Gunzenh"]
[Black "Herzog Klaus[51Rgbg"]
[Result "1/2-1/2"]
[WhiteElo "1807"]
[BlackElo "2095"]
[PlyCount "59"]
[EventDate "2002.??.??"]
[Source "www.chesslib.no"]
[SourceDate "2004.05.04"]

1. d4 Nf6 2. f3 d5 3. Bg5 Nbd7 4. e3 c5 5. c3 Qb6 6. b3 e6 7. Bd3 Be7 8. f4 h6 9. Bh4 cxd4 10. exd4 Qc7 11. Ne2 Bd6 12. O-O g5 13. Bg3 Nh5 14. fxg5 Nxg3 15. Nxg3 hxg5 16. Qf3 Bf4 17. c4 dxc4 18. bxc4 Qd6 19. Qf2 Nf6 20. c5 Qc7 21. Qf3 Bd7 22. Nc3 Bc6 23. Bb5 O-O-O 24. Bxc6 bxc6 25. Nce2 Nd5 26. Qa3 Be3+ 27. Rf2 Nf4 28. Qxe3 Nxe2+ 29. Qxe2 Rxd4 30. Rb1 1/2-1/2

[Event "RLNW_Bayr-SFSchweinf"]
[Site "?"]
[Date "2002.11.17"]
[Round "6.2"]
[White "Schreiber Alexander"]
[Black "Zschunke Werner"]
[Result "0-1"]
[WhiteElo "1889"]
[BlackElo "1969"]
[PlyCount "72"]
[EventDate "2002.??.??"]
[Source "www.chesslib.no"]
[SourceDate "2004.05.04"]

1. d4 Nf6 2. f3 d5 3. e4 e6 4. e5 Nfd7 5. f4 c5 6. c3 Nc6 7. Nf3 Be7 8. Be2 Qb6 9. b3 cxd4 10. Nxd4 Bc5 11. Be3 a5 12. O-O O-O 13. Kh1 f6 14. exf6 Nxf6 15. Bg1 Ne4 16. g3 Nxc3 17. Nxc3 Bxd4 18. Na4 Qa7 19. Rc1 Bxg1 20. Rxg1 Qd4 21. Bd3 Kh8 22. Nc5 e5 23. Qh5 e4 24. Bb1 g6 25. Qg5 Qe3 26. h4 Qf3+ 27. Kh2 Rf5 28. Qh6 Qg4 29. Rg2 Nd4 30. Rc3 Nf3+ 31. Rxf3 Qxf3 32. Na4 Be6 33. Nc5 Rh5 34. Qxh5 Qxh5 35. Nxe6 Rc8 36. Nd4 Qd1 0-1

[Event "Duesseldorf"]
[Site "?"]
[Date "1999.??.??"]
[Round "?"]
[White "Mersch Heinrich"]
[Black "Glowatz Christoph"]
[Result "0-1"]
[WhiteElo "1829"]
[BlackElo "2000"]
[PlyCount "66"]
[EventDate "1999.??.??"]
[Source "www.chesslib.no"]
[SourceDate "2004.05.04"]

1. d4 Nf6 2. f3 g6 3. e4 d6 4. Bc4 Bg7 5. c3 c6 6. Qb3 O-O 7. a4 d5 8. Bd3 dxe4 9. fxe4 e5 10. Nf3 Nbd7 11. O-O h6 12. Be3 Nc5 13. Qc2 Ng4 14. Qe2 Nxe3 15. Qxe3 exd4 16. cxd4 Nb3 17. Ra3 Nxd4 18. Kh1 Be6 19. Nc3 Nxf3 20. Qxf3 Qb6 21. Rb1 Qc7 22. b4 Rad8 23. Ne2 Be5 24. h3 Kg7 25. Qf2 a5 26. bxa5 Qd6 27. Rab3 Bxb3 28. Rxb3 Rd7 29. Qf3 Rfd8 30. g4 Qe6 31. Nc1 Qxb3 32. Nxb3 Rxd3 33. Qf1 Rd1 0-1

[Event "Bayernliga 2003/04_R5"]
[Site "?"]
[Date "2004.01.18"]
[Round "5.8"]
[White "Jaeger Peter[63Gunzenh"]
[Black "Moroz Grigorij"]
[Result "0-1"]
[WhiteElo "1833"]
[BlackElo "1962"]
[PlyCount "52"]
[EventDate "2004.??.??"]
[Source "www.chesslib.no"]
[SourceDate "2004.05.04"]

1. d4 Nf6 2. f3 d5 3. Bg5 Bf5 4. e3 c6 5. Bd3 Bxd3 6. Qxd3 e6 7. Nd2 Be7 8. Nh3 Nbd7 9. O-O O-O 10. Rae1 c5 11. c3 Rc8 12. Kh1 Qb6 13. Qb1 Rfe8 14. Bh4 e5 15. Bf2 h6 16. dxe5 Nxe5 17. e4 Qa6 18. Bg3 Nd3 19. Re3 c4 20. exd5 Nxd5 21. Re2 Bf8 22. Rxe8 Rxe8 23. Rd1 b5 24. Bf2 Re2 25. Bd4 Qg6 26. g3 Qh5 0-1

[Event "Dorset Congress"]
[Site "Bournemouth"]
[Date "2001.02.04"]
[Round "4"]
[White "Laker, Leonard"]
[Black "Stainton, JG."]
[Result "1-0"]
[WhiteElo "1928"]
[BlackElo "1864"]
[PlyCount "69"]
[EventDate "2001.02.02"]
[Source "www.chesslib.no"]
[SourceDate "2004.05.04"]

1. d4 Nf6 2. f3 e6 3. e4 Nxe4 4. fxe4 Qh4+ 5. Kd2 Qxe4 6. Nf3 c5 7. Qe2 Qc6 8. Nc3 cxd4 9. Nxd4 Qb6 10. Ndb5 a6 11. Nd5 Qa5+ 12. Nbc3 b5 13. Ne3 Bb7 14. Kd1 b4 15. Nc4 Qc7 16. Na4 Nc6 17. Be3 d5 18. Nd2 d4 19. Bf2 Be7 20. Qg4 O-O 21. h4 f5 22. Qh3 e5 23. Nf3 Na5 24. Ng5 Qc6 25. b3 e4 26. Be2 Rac8 27. Rc1 Rc7 28. Nb2 Bc8 29. Nc4 d3 30. cxd3 f4 31. Bg4 Rd8 32. Be6+ Bxe6 33. Qxe6+ Qxe6 34. Nxe6 Rxd3+ 35. Ke2 1-0

[Event "Dorset Congress"]
[Site "Bournemouth"]
[Date "2001.02.03"]
[Round "3"]
[White "Crisp, Stephen C"]
[Black "Lewis, MA."]
[Result "1/2-1/2"]
[WhiteElo "1912"]
[BlackElo "1880"]
[PlyCount "24"]
[EventDate "2001.02.02"]
[Source "www.chesslib.no"]
[SourceDate "2004.05.04"]

1. d4 Nf6 2. f3 c5 3. c3 b6 4. Bg5 e6 5. e4 Be7 6. Bd3 Bb7 7. Ne2 O-O 8. Qd2 d6 9. O-O Nbd7 10. Ng3 Qc7 11. Na3 a6 12. Rae1 Rad8 1/2-1/2

[Event "TSC"]
[Site "?"]
[Date "2003.??.??"]
[Round "?"]
[White "Leisebein Peter"]
[Black "Claus Axel"]
[Result "1-0"]
[WhiteElo "2078"]
[BlackElo "1700"]
[PlyCount "58"]
[EventDate "2003.??.??"]
[Source "www.chesslib.no"]
[SourceDate "2004.05.04"]

1. d4 Nf6 2. f3 e6 3. e4 d5 4. e5 Nfd7 5. a3 c5 6. c3 Nc6 7. f4 Qb6 8. Nf3 Be7 9. b4 cxd4 10. cxd4 a6 11. Be3 f6 12. Bd3 O-O 13. Qe2 Qc7 14. exf6 Nxf6 15. Ne5 Bd7 16. O-O Rac8 17. Nd2 Be8 18. Rfc1 Qd8 19. Qf3 Rc7 20. Qh3 Qc8 21. Rc2 Nd8 22. Rac1 Rxc2 23. Rxc2 Qb8 24. Ndf3 Ne4 25. Bxe4 dxe4 26. Nd2 Bf6 27. Rc1 Bxe5 28. dxe5 Bc6 29. Nc4 Bb5 1-0

[Event "Regionalliga NO 0203"]
[Site "?"]
[Date "2003.03.09"]
[Round "8.8"]
[White "Jaeger Peter"]
[Black "Schmidt Johann"]
[Result "1/2-1/2"]
[WhiteElo "1807"]
[BlackElo "1936"]
[PlyCount "52"]
[EventDate "2003.??.??"]
[Source "www.chesslib.no"]
[SourceDate "2004.05.04"]

1. d4 Nf6 2. f3 d5 3. Bg5 Bf5 4. e3 e6 5. Bd3 Bxd3 6. Qxd3 c6 7. Ne2 Nbd7 8. O-O Be7 9. e4 O-O 10. h3 c5 11. e5 c4 12. Qd1 Ne8 13. Bxe7 Qxe7 14. Qd2 Nc7 15. a3 f6 16. exf6 gxf6 17. Nbc3 Rf7 18. Rae1 Qd6 19. Qf4 e5 20. Qh4 Ne6 21. Rd1 Nb6 22. dxe5 fxe5 23. Ne4 Qc6 24. Nf6+ Kh8 25. Ng4 Qc7 26. Qh5 Nf4 1/2-1/2

[Event "14. Sueder Sommerpokal"]
[Site "?"]
[Date "2003.08.20"]
[Round "3"]
[White "Bettendorf Heinz"]
[Black "Gohla Ulf"]
[Result "0-1"]
[WhiteElo "1601"]
[BlackElo "2077"]
[PlyCount "62"]
[EventDate "2003.??.??"]
[Source "www.chesslib.no"]
[SourceDate "2004.05.04"]

1. d4 Nf6 2. f3 d5 3. Nc3 c6 4. e4 dxe4 5. fxe4 e5 6. Nf3 exd4 7. Qxd4 Qxd4 8. Nxd4 Bb4 9. Bd3 Nbd7 10. Bf4 Nc5 11. O-O O-O 12. Rae1 Ne6 13. Nxe6 Bxe6 14. a3 Ba5 15. h3 Rfe8 16. g4 h5 17. b4 Bb6+ 18. Kg2 hxg4 19. hxg4 Bxg4 20. Rh1 Nh5 21. Bg3 Nxg3 22. Kxg3 Be6 23. Ne2 Rad8 24. Rh5 g6 25. Rhh1 Kg7 26. Kf3 Rh8 27. Nf4 Bc8 28. Rhf1 Rh4 29. Rh1 Rdh8 30. Rxh4 Rxh4 31. Kg3 g5 0-1

[Event "TSC"]
[Site "?"]
[Date "2002.??.??"]
[Round "?"]
[White "Milde Lars"]
[Black "Fischer Kai"]
[Result "1-0"]
[WhiteElo "1936"]
[BlackElo "1732"]
[PlyCount "99"]
[EventDate "2002.??.??"]
[Source "www.chesslib.no"]
[SourceDate "2004.05.04"]

1. d4 Nf6 2. f3 e6 3. e4 d5 4. Nc3 c5 5. Bg5 Be7 6. e5 Ng8 7. Be3 Nc6 8. Bb5 Qc7 9. Nge2 a6 10. Bxc6+ bxc6 11. Na4 cxd4 12. Qxd4 Rb8 13. b3 f6 14. Bf4 Rb7 15. exf6 Bxf6 16. Bxc7 Bxd4 17. Nxd4 Rxc7 18. O-O-O c5 19. Ne2 Ne7 20. Rhe1 Ng6 21. c4 d4 22. Ng3 Bd7 23. Nb2 O-O 24. Nd3 Nf4 25. Nxf4 Rxf4 26. Re5 Rc6 27. Kd2 h6 28. Rde1 Kf7 29. Ne4 Rf5 30. Nf2 g6 31. Nd3 Ke7 32. R1e4 a5 33. Rxf5 gxf5 34. Rh4 Kd6 35. Rxh6 Rc8 36. g4 fxg4 37. fxg4 Rg8 38. h3 Be8 39. Ke2 Bg6 40. Nf4 Bf7 41. Kf3 a4 42. bxa4 Ra8 43. g5 Rxa4 44. g6 Bg8 45. Rh8 Ra3+ 46. Kg4 Ra8 47. Kg5 e5 48. Nd5 e4 49. h4 d3 50. h5 1-0

[Event "Canberra"]
[Site "?"]
[Date "2004.04.09"]
[Round "2.14"]
[White "Stead Kerry"]
[Black "Murrell Malcolm R"]
[Result "1-0"]
[WhiteElo "1969"]
[BlackElo "1667"]
[PlyCount "55"]
[EventDate "2004.??.??"]
[Source "www.chesslib.no"]
[SourceDate "2004.05.04"]

1. d4 Nf6 2. f3 c5 3. d5 e6 4. c4 exd5 5. cxd5 Bd6 6. Nc3 O-O 7. e4 a6 8. a4 Be5 9. Be3 d6 10. Qd2 Bxc3 11. bxc3 Qa5 12. c4 Qxd2+ 13. Kxd2 Nbd7 14. Bd3 Ne5 15. Ne2 Bd7 16. a5 Rfb8 17. Rab1 Nxd3 18. Kxd3 b5 19. axb6 Rb7 20. Rb2 a5 21. e5 Bf5+ 22. Kc3 dxe5 23. g4 Bg6 24. Bxc5 Nd7 25. Be3 Rc8 26. Ra1 Nf6 27. Rxa5 Rcb8 28. Ra7 1-0

[Event "TSC"]
[Site "?"]
[Date "2002.??.??"]
[Round "?"]
[White "Milde Lars"]
[Black "Altenburg Nils"]
[Result "1-0"]
[WhiteElo "1936"]
[BlackElo "1700"]
[PlyCount "51"]
[EventDate "2002.??.??"]
[Source "www.chesslib.no"]
[SourceDate "2004.05.04"]

1. d4 Nf6 2. f3 e6 3. e4 d5 4. Nc3 Bb4 5. e5 Nfd7 6. a3 Bxc3+ 7. bxc3 c5 8. f4 O-O 9. Nf3 Qa5 10. Bd2 c4 11. Be2 Nc6 12. O-O Rb8 13. Qe1 b5 14. Qg3 Re8 15. f5 exf5 16. Bh6 g6 17. Nh4 Ne7 18. Nxf5 Nxf5 19. Rxf5 Nc5 20. e6 Nxe6 21. Rxd5 Ba6 22. Bg4 Rbd8 23. Re5 Qb6 24. Rae1 Bc8 25. Qh4 a6 26. R1e3 1-0

[Event "TSC"]
[Site "?"]
[Date "2002.??.??"]
[Round "?"]
[White "Milde Lars"]
[Black "Vetter Udo"]
[Result "1-0"]
[WhiteElo "1936"]
[BlackElo "1694"]
[PlyCount "73"]
[EventDate "2002.??.??"]
[Source "www.chesslib.no"]
[SourceDate "2004.05.04"]

1. d4 Nf6 2. f3 d5 3. e4 e6 4. Nc3 Be7 5. e5 Nfd7 6. f4 c5 7. Nf3 Nc6 8. Be3 O-O 9. Qd2 cxd4 10. Nxd4 Nxd4 11. Bxd4 f6 12. exf6 Bxf6 13. O-O-O Nb6 14. Qe3 Bxd4 15. Rxd4 Bd7 16. Bd3 Qf6 17. Re1 Rac8 18. g3 Rc5 19. Kb1 Rfc8 20. Qe5 Qxe5 21. Rxe5 Nc4 22. Bxc4 Rxc4 23. Rd2 Re8 24. Ne2 a5 25. c3 b5 26. Nd4 b4 27. cxb4 axb4 28. b3 Rc5 29. Kb2 Ra5 30. Nc2 Rb8 31. f5 Ra6 32. fxe6 Bxe6 33. Rd4 Rab6 34. Nxb4 Rxb4 35. Rxb4 Rxb4 36. Rxe6 Kf7 37. Re2 1-0

[Event "Bad Salzuflen (08.06.-16.06)"]
[Site "?"]
[Date "2002.06.13"]
[Round "6"]
[White "Tamm Rudolf"]
[Black "Josting Friedel"]
[Result "0-1"]
[WhiteElo "1718"]
[BlackElo "1865"]
[PlyCount "74"]
[EventDate "2002.??.??"]
[Source "www.chesslib.no"]
[SourceDate "2004.05.04"]

1. d4 Nf6 2. f3 d5 3. e4 e6 4. Bg5 Be7 5. Nc3 O-O 6. Qd2 a6 7. e5 Nfd7 8. h4 c5 9. Bxe7 Qxe7 10. Nh3 Qxh4+ 11. Nf2 Qxd4 12. Bd3 Qxe5+ 13. Ne2 g6 14. Ng4 Qg7 15. O-O-O f5 16. Nh6+ Kh8 17. Nf4 Nf6 18. Rh2 Nc6 19. Rdh1 Ne5 20. Be2 b5 21. g4 fxg4 22. Nxg4 Nexg4 23. fxg4 Ra7 24. Rh6 Kg8 25. Qe3 d4 26. Qh3 e5 27. Nxg6 hxg6 28. Qb3+ c4 29. Bxc4+ bxc4 30. Qxc4+ Raf7 31. g5 Nh5 32. c3 dxc3 33. bxc3 Bb7 34. Rd1 Nf4 35. Rd6 e4 36. Kb2 Rc8 37. Qb3 Bd5 0-1

[Event "Unterfranken-ch M2"]
[Site "?"]
[Date "1999.??.??"]
[Round "1"]
[White "Boeckler Michael"]
[Black "Heerlein Gerd"]
[Result "1-0"]
[WhiteElo "1800"]
[BlackElo "1690"]
[PlyCount "75"]
[EventDate "1999.??.??"]
[Source "www.chesslib.no"]
[SourceDate "2004.05.04"]

1. d4 Nf6 2. f3 g6 3. e4 d6 4. Bc4 c6 5. Nc3 Bg7 6. Be3 b5 7. Bd3 Nbd7 8. f4 Nb6 9. h3 a6 10. Nf3 Bb7 11. Qd2 Nc4 12. Bxc4 bxc4 13. Qe2 a5 14. Qxc4 O-O 15. Qd3 Ba6 16. Qd2 Rb8 17. b3 c5 18. e5 Nd7 19. Rd1 cxd4 20. Bxd4 f6 21. exd6 exd6 22. Kf2 Bh6 23. Be3 Qc7 24. Nd5 Qd8 25. Rhe1 Re8 26. c4 a4 27. Qd3 axb3 28. axb3 Bf8 29. Bd4 Rxe1 30. Rxe1 Nc5 31. Bxc5 dxc5 32. Re6 Bb7 33. Re8 Qd6 34. Rxb8 Qxb8 35. Nxf6+ Kf7 36. Ne5+ Kg7 37. Qd7+ Kxf6 38. Qf7# 1-0

[Event "Corr"]
[Site "?"]
[Date "2001.03.28"]
[Round "?"]
[White "Searson Brendan"]
[Black "Eansworth Kevin"]
[Result "1/2-1/2"]
[WhiteElo "1651"]
[BlackElo "1765"]
[PlyCount "40"]
[EventDate "2001.??.??"]
[Source "www.chesslib.no"]
[SourceDate "2004.05.04"]

1. d4 Nf6 2. f3 g6 3. e4 Bg7 4. e5 Nd5 5. f4 d6 6. Nf3 O-O 7. c4 Nb6 8. Bd3 Nc6 9. Be2 Bg4 10. O-O Bxf3 11. Rxf3 dxe5 12. dxe5 Qxd1+ 13. Bxd1 g5 14. c5 Rad8 15. Bb3 Nc8 16. Rg3 gxf4 17. Bxf4 Kh8 18. Re3 Nb4 19. Nc3 Nd3 20. Nd5 Nxc5 1/2-1/2

[Event "SUI-ch Hauptturnier II"]
[Site "?"]
[Date "1999.??.??"]
[Round "1"]
[White "Hakim Viktor"]
[Black "Racine Rolf"]
[Result "0-1"]
[WhiteElo "1720"]
[BlackElo "1625"]
[PlyCount "54"]
[EventDate "1999.??.??"]
[Source "www.chesslib.no"]
[SourceDate "2004.05.04"]

1. d4 Nf6 2. f3 g6 3. Nc3 d5 4. e4 dxe4 5. fxe4 c6 6. Nf3 Bg4 7. Bc4 Bg7 8. Bxf7+ Kxf7 9. Ne5+ Ke8 10. Nxg4 Nxg4 11. Qxg4 Qxd4 12. Ne2 Qc5 13. c3 Nd7 14. Bf4 Be5 15. O-O-O Rd8 16. Qe6 Bxf4+ 17. Kb1 Rf8 18. Nxf4 Rxf4 19. Qg8+ Rf8 20. Qxh7 Ne5 21. Rdf1 Kd7 22. Rxf8 Rxf8 23. Qg7 Rf6 24. Rd1+ Rd6 25. Rf1 Rd2 26. Qh7 Qb5 27. Qh3+ Kc7 0-1

[Event "Corr"]
[Site "?"]
[Date "1998.??.??"]
[Round "?"]
[White "Mary Laurent"]
[Black "Roldan Garcia Angel"]
[Result "1-0"]
[WhiteElo "1188"]
[BlackElo "2150"]
[PlyCount "95"]
[EventDate "1998.??.??"]
[Source "www.chesslib.no"]
[SourceDate "2004.05.04"]

1. d4 Nf6 2. f3 d5 3. e4 e6 4. e5 Nfd7 5. c3 c5 6. f4 Nc6 7. Be3 cxd4 8. cxd4 Qb6 9. Qd2 Be7 10. Nf3 O-O 11. Bd3 Nb4 12. Be2 Rd8 13. O-O Nf8 14. Nc3 Ng6 15. a3 Nc6 16. b4 a6 17. Rac1 f5 18. exf6 Bxf6 19. Na4 Qc7 20. Ne5 Nge7 21. Rc2 Nf5 22. Rfc1 Bxe5 23. dxe5 Nxe3 24. Qxe3 d4 25. Qh3 Rf8 26. Bd3 g6 27. g3 Qd8 28. Nc5 Qe7 29. Ne4 Bd7 30. Nf6+ Rxf6 31. exf6 Qxf6 32. Rc5 Rf8 33. R1c2 Rf7 34. Qg2 Nd8 35. Qd2 Bc6 36. Rc1 Bd5 37. Bc4 Bxc4 38. R1xc4 Nc6 39. a4 Rd7 40. b5 axb5 41. axb5 Nd8 42. Rc7 Rd5 43. R4c5 Rd6 44. Qd3 b6 45. Rc1 Qf5 46. Qa3 Qe4 47. Re7 d3 48. Qb2 1-0

[Event "Corr"]
[Site "?"]
[Date "1998.10.20"]
[Round "?"]
[White "Cook Alex"]
[Black "Henkes Houston"]
[Result "0-1"]
[WhiteElo "1572"]
[BlackElo "1717"]
[PlyCount "58"]
[EventDate "1998.??.??"]
[Source "www.chesslib.no"]
[SourceDate "2004.05.04"]

1. d4 Nf6 2. f3 g6 3. e4 d6 4. Bc4 Bg7 5. Ne2 O-O 6. Bf4 Nbd7 7. Nbc3 e5 8. dxe5 Nxe5 9. Bb3 Nfd7 10. O-O Nc5 11. a4 Nxb3 12. cxb3 Be6 13. Nd4 c6 14. h3 Re8 15. Rc1 Qh4 16. Qd2 Nd3 17. Qxd3 Qxf4 18. Nce2 Qh4 19. Nxe6 Rxe6 20. Rc4 Bxb2 21. Qd2 Be5 22. f4 Bg7 23. g4 Qxh3 24. Rb4 Qxg4+ 25. Kf2 a5 26. Rg1 Qh4+ 27. Rg3 axb4 28. Qxb4 Rae8 29. Kg2 Rxe4 0-1

[Event "Bad Sooden (21.04.-30.04)"]
[Site "?"]
[Date "2002.04.26"]
[Round "5"]
[White "Hespers Rolf"]
[Black "Maximowski Alexander"]
[Result "1/2-1/2"]
[WhiteElo "1563"]
[BlackElo "1720"]
[PlyCount "76"]
[EventDate "2002.??.??"]
[Source "www.chesslib.no"]
[SourceDate "2004.05.04"]

1. d4 Nf6 2. f3 e6 3. e4 d5 4. Nc3 dxe4 5. Bg5 exf3 6. Nxf3 h6 7. Bh4 Be7 8. a3 O-O 9. Ne5 Nd5 10. Bxe7 Qxe7 11. Ne4 b6 12. Bd3 Bb7 13. O-O Nc6 14. Qh5 Nxe5 15. dxe5 Ne3 16. Rf3 Nf5 17. Nf6+ Kh8 18. Rxf5 exf5 19. Qxf5 g6 20. Qf4 Kg7 21. Re1 Rad8 22. Qh4 Qc5+ 23. Kf1 Rd4 24. Ng4 Rf4+ 25. Ke2 h5 26. Qg5 Rxg4 27. Qf6+ Kh6 28. g3 Be4 29. Kd2 Bxd3 30. cxd3 Rd4 31. Rf1 Rdd8 32. g4 Rde8 33. Rf5 hxg4 34. Qh4+ Kg7 35. Qf6+ Kh7 36. Rh5+ gxh5 37. Qf5+ Kh6 38. Qf6+ Kh7 1/2-1/2

[Event "Ellwangen (11.04.-19.04)"]
[Site "?"]
[Date "2003.04.13"]
[Round "3"]
[White "Drews Karl-Heinz"]
[Black "Freder Heinrich"]
[Result "0-1"]
[WhiteElo "1373"]
[BlackElo "1868"]
[PlyCount "57"]
[EventDate "2003.??.??"]
[Source "www.chesslib.no"]
[SourceDate "2004.05.04"]

1. d4 Nf6 2. f3 d5 3. Nc3 c6 4. Bg5 Nbd7 5. e3 e5 6. Nge2 Be7 7. Bxf6 Bxf6 8. g3 O-O 9. Bh3 Re8 10. Qd2 Nb6 11. b3 Bxh3 12. O-O-O Bg2 13. f4 Bxh1 14. Rxh1 exd4 15. Nxd4 c5 16. Nde2 Rc8 17. Nd1 c4 18. c3 cxb3 19. axb3 Rc7 20. Qb2 Qe7 21. Re1 Rec8 22. Kd2 Qe4 23. Nd4 Nd7 24. Nf2 Qe8 25. Nd1 Nc5 26. Nb5 Rc6 27. Re2 a6 28. Nd4 R6c7 29. g4 0-1